00567nam a2200217Ia 4500003000900000005001700009008004100026040001300067040001300080041000800093100001500101245006600116250001000182260001200192260000900204300001000213490002600223490000600249600008000255700001400335IT-RoPAU20220918175532.0120407s9999 xx 000 0 und d aIT-RoPAU cIT-RoPAU aita aT. Gregory aStoria della Filosofia. Con testi e letture critiche. 3a. ed. aRoma  alaterza c1974 c21 cm acollezione scolastica v2 a" 1° v. a cura di F. Adorno, 547 p. 2° v. a cura di T. Gregory, 515 p." aF. Adorno